000 00211nam a22000857a 4500
008 170124b xxu||||| |||| 00| 0 eng d
100 _92544
_aKhanna.B.
245 _aGeneral Knowledge-3
260 _aNew Delhi
_bABP
_c2010
999 _c5636
_d5636